000 00466nam a22001697a 4500
005 20141009104746.0
008 141009b xxu||||| |||| 00| 0 eng d
020 _a9789719592501
050 _aPL 5531.6
_b.Z17 2014
100 _aZafra, Jessica.
245 _aGeeks vs. jocks /
_cJessica Zafra.
260 _aMakati City, Philippines :
_bJessica Zafra,
_cc2014.
300 _a160 pages :
_c19 cm.
650 _aGeeks.
650 _aJocks.
942 _2lcc
_cBK
_kLOC
999 _c276050
_d276050